Landscape gardening in home beautification /

Saved in:
Bibliographic Details
Main Author: Kennedy, Wellington.
Corporate Author: Mississippi Agricultural and Forestry Experiment Station.
Format: Book
Language:English
Published: [State College?], Miss. : A. & M. College, 1929.
Series:Mississippi Agricultural Experiment Station bulletin : 267
Subjects:
Tags: Add Tag
No Tags, Be the first to tag this record!
LEADER 00621nam a22001817u 4500
001 000000156-2
005 20070504163822.0
008 821202|1929 ||||||| |||| |0||||eng|d
035 0 |a ocn188263090 
100 1 |a Kennedy, Wellington. 
245 1 0 |a Landscape gardening in home beautification /  |c by Wellington Kennedy. 
260 0 |a [State College?], Miss. :  |b A. & M. College,  |c 1929. 
300 |a 41 p. :  |b ill. ;  |c 24 cm. 
490 0 |a Mississippi Agricultural Experiment Station bulletin :  |v 267 
650 0 |a Landscape gardening. 
710 2 |a Mississippi Agricultural and Forestry Experiment Station. 
988 |a 20020608 
906 |0 MH